000
00387nam a2200133Ia 4500
008
151001s9999||||xx |||||||||||||| ||und||
100
_a
शर्मा कुमार पाटील
245
_a
विभिन्न सूक्ष्म जीव
250
_a
1
260
_b
शिवालिक बुक्स
260
_c
2008
300
_a
96
365
_b
21
999
_c
995322
_d
995319